000 00463nam a2200217Ia 4500
003 IT-RoPAU
008 120407s9999 xx 000 0 und d
040 _aIT-RoPAU
040 _cIT-RoPAU
041 _aita
245 _aGli editori italiani. 2a. ed.
250 _aMilano
260 _aBibliografica
260 _c1979
300 _a256 p.
300 _c19.5 cm
490 _aRepertori pratici, 1.
490 _v1
942 _cBK
999 _c30596
_d30596